Big 4 5-Letter Teams Match-Up Quiz Stats

 Plays Quiz Updated Jun 10, 2017

Support Sporcle.
Go Orange.
Score 0/16 Timer 04:00
2 Plays Today
% Correct
4
97.7%
7
97.7%
B
84.6%
B
81.9%
K
80.9%
B
78.9%
B
78.3%
S
75.4%
% Correct
D
74.6%
M
72.7%
H
72.4%
L
71.3%
T
70.2%
C
67.5%
S
66.8%
B
59.5%

You're not logged in!

Compare scores with friends on all Sporcle quizzes.
OR
Log In
Forgot?

From the Vault

Movie Cakes

by El_Dandy

Who knew movie characters could look so goshdarn delicious?
Remove Ads.
Support Sporcle.
Get the best of Sporcle when you Go Orange. This ad-free experience offers more features, more stats, and more fun while also helping to support Sporcle. Thank you for becoming a member.

Show Comments

Extras

Top Quizzes Today


Score Distribution

Your Account Isn't Verified!

In order to create a playlist on Sporcle, you need to verify the email address you used during registration. Go to your Sporcle Settings to finish the process.

Report this User

Report this user for behavior that violates our Community Guidelines.

Details: